| 000 | 00382nam a2200133Ia 4500 | ||
|---|---|---|---|
| 008 | 231129s9999||||xx |||||||||||||| ||spa|| | ||
| 020 | _a958-633-055-2 | ||
| 040 | _bspa | ||
| 082 | _a001.642 L926L (EN PROCESO DE DESCARTE) | ||
| 100 | _aLu Cary | ||
| 245 | 0 | _aEl libro del Apple Macintosh | |
| 264 | _aColombia : Rei Andes | ||
| 942 |
_2ddc _cBKS |
||
| 999 |
_c11549 _d11549 |
||